Normal view MARC view

Entry Nome pessoal

Number of records used in: 1

001 - NÚMERO DE CONTROLE

  • campo de controle: 707

003 - IDENTIFICADOR DO NÚMERO DE CONTROLE

  • campo de controle: Br

005 - DATA E HORÁRIO DA ÚLTIMA TRANSAÇÃO

  • campo de controle: 20250328140138.0

008 - CAMPO DE DADOS FIXOS

  • campo de controle de tamanho fixo: a a

035 ## - NÚMERO DE CONTROLE DO SISTEMA

  • Número de Controle do Sistema: 2002122715313543med

040 ## - FONTE DA CATALOGAÇÃO

  • Instituição da catalogação original: OSt

100 1# - CABEÇALHO--NOME PESSOAL

  • Nome pessoal: Leal, Isa Silveira,
  • Datas associadas ao nome: 1910-1988
  • Função do autor por extenso: TRADUTOR

400 1# - REMISSIVA VER--NOME PESSOAL

  • Nome pessoal: Silveira Leal, Isa
  • Datas associadas ao nome: 1910-1988

400 1# - REMISSIVA VER--NOME PESSOAL

  • Nome pessoal: Leal, Isa
  • Datas associadas ao nome: 1910-1988

670 ## - FONTE POSITIVA DOS DADOS

  • Citação da fonte positiva dos dados: Autor de: Elas liam romances policiais... 1980
  • Dados encontrados na fonte localizada no subcampo: (d.n.)

670 ## - FONTE POSITIVA DOS DADOS

  • Citação da fonte positiva dos dados: Dic. lit. bras.
  • Dados encontrados na fonte localizada no subcampo: (d.n.)

670 ## - FONTE POSITIVA DOS DADOS

  • Citação da fonte positiva dos dados: http://pt.wikipedia.org/wiki/Isa_Silveira_Leal 28/11/2012
  • Dados encontrados na fonte localizada no subcampo: (Isa Silveira Leal, ou simplesmente Isa Leal, nasceu em Santos, em 20 de fevereiro de 1910 e faleceu em São Paulo, em 5 de abril de 1988, foi uma escritora, jornalista e novelista (de rádio e televisão) brasileira)

675 ## - FONTE NEGATIVA DOS DADOS

  • Citação da fonte positiva dos dados: Índice
  • Citação da fonte positiva dos dados: LC 78/80

Powered by Koha